000 01129cam a2200373M 4500
001 100474
005 20230410120913.0
008 950919s1978 mx 000 0 spa d
035 _a(OCoLC)ocn651189861
040 _aBNMEX
_bspa
_cBNMEX
020 _a9684190344
020 _a9789684190344
035 _a(OCoLC)651189861
041 1 _aspa
_hger
050 1 4 _aJC 263
_bB829e 1978
082 0 0 _a320.4
100 1 _aBrecht, Bertolt,
_d1898-1956.
245 1 0 _aEscritos políticos y sociales /
_cBertolt Brecht ; tr. de Carols Gerhard.
260 _aMéxico :
_bEditorial Grijalbo,
_c1978.
300 _a419 p. ;
_c20 cm.
500 _aTraducción de: Zur literatur und kunst, politik und gesellschaft.
650 4 _aBrecht, Bertolt, 1898-1956
_vColecciones de escritos.
650 4 _aCiencia política
_vEnsayos.
650 4 _aSociología
_vEnsayos, conferencias, etc.
650 4 _aMarxismo.
650 4 _aFilosofía política.
650 4 _aFascismo.
650 4 _aPaz.
650 4 _a20150700
700 2 _aGerhard Ottenwaelder, Carlos, tr.
942 _2lcc
_cbk
994 _aC0
_bDRFGD
946 _aNBM
999 _c54130
_d54130